| 000 | 00745nam a2200193Ii 4500 | ||
|---|---|---|---|
| 003 | JO-AjNU | ||
| 008 | 230605s9999||||xx |||||||||||||| ||und|| | ||
| 040 |
_aJO-AjNU _bara _erda _cJO-AjNU |
||
| 041 | _aara | ||
| 050 | 1 | 4 | _aBP134.E8.B3238 |
| 100 | 3 |
_aالغزي، ابي البركات بدر الدين محمد, _eauthor _937494 |
|
| 245 | 0 | 0 | _aآداب العشرة وذكر الصحبة والأخوة |
| 264 | 3 | 1 | _aد.م:مكتبة التراث الاسلامي ،دار التربية للطباعة والنشر ، د.ت |
| 300 | _a60ص | ||
| 336 |
_atext _btxt _2rdacontent |
||
| 337 |
_aunmediated _bn _2rdamedia |
||
| 338 |
_avolume _bnc _2rdacarrier |
||
| 650 | 4 |
_aاخلاق اسلامية-اداب العشرة-الصحبة _937495 |
|
| 999 |
_aA15671 _c19239 _d19239 |
||